00606nam a2200181Ia 4500008004100000020001500041041001200056082001600068100001700084245006400101260002500165300000800190650001600198700001700214942000700231999001500238952017100253221030s9999 xx 000 0 und d a8120314654 aEnglish a105.23bHan aG. W. Hansen 0aDatabase Management & Designcby G. W. Hansen, J. V. Hansen bPHIaNew Delhic2001 a582 aBE Computer aJ. V. Hansen cBK c7699d7699 pBE 4523g295.00l0o105.23 Hanr2024-06-13 00:00:00w2022-10-30yBK003Print4070aMIETLIBbMIETLIBcBL-Academic Block C, FL-2, CUP-46, SH-4, R-4d2001-12-2810HBE